000 00365nam a22001697a 4500
003 UA-OsUOA
001 2000
007 ta
008 20050721b un ||||| |||| 00| 0 ukr d
100 _aElbert
700 _aVirginie F.
942 _cBK
040 _aUA-OsUOA
_cUA-OsUOA
_dUA-OsUOA
245 _aEasy enameling on metal.
_bReference
955 _a2
650 7 _2UDC
999 _c288162
_d288162